Uzbekistan - Wilajety Uzbekistanu (Podział administracyjny) - Mapa - Statystyki

Ogólne statystyki
  • Ten quiz został rozwiązany 23 razy
  • Średni wynik to 6 z 14
Odpowiedzi na mapie
Odpowiedzi zakodowano w zielono-czerwonej skali na mapie do tego quizu, zgodnie z poniższymi procentami.
 
Statystyki odpowiedzi
Wilajet Stolica % Poprawnych
Taszkent
94%
bucharski Buchara
63%
samarkandzki Samarkanda
56%
fergański Fergana
50%
taszkencki Nurafshon
50%
Karakałpacja Nukus
44%
chorezmijski Urgencz
38%
namangański Namangan
38%
nawojski Nawoi
38%
surchandaryjski Termez
31%
dżyzacki Dżyzak
25%
andiżański Andiżan
19%
kaszkadaryjski Karszy
19%
syrdaryjski Gulistan
19%
Nie znaleziono quizów pasujących do podanych kryteriów
Rozkład punktacji
Procent ludzi z każdym wynikiem
Percentyl według liczby udzielonych odpowiedzi
Twoja historia wyników
Nie rozwiązałeś tego quizu